000 00694nam a22002057a 4500
003 DO-CoUTE
005 20260528131233.0
008 260528b dr ||||| |||| 00| 0 spa d
040 _aDO-CoUTE
_bspa
_cDO-CoUTE
082 _aRD860.97293G216A
100 1 _aGarcia, Melida
_eAutor
245 1 0 _aAntología de la literatura Gay en la Republica Dominicana /
_cMélida Garcia, miguel de Camps Jiménez
260 _aRepublica Dominicana ;
_bManatí,
_c2004
300 _a365 Paginas :
_c22x23cm,
504 _aIncluye referencia bibliográfica e índice.
650 4 _aAntología
700 1 _aMélida Garcia
_eAutor
700 1 _aMiguel de Camps Jimenez
_eAutor
942 _2ddc
_cBK
999 _c24244
_d24244